000 00380nam a22001577a 4500
005 20260331163201.0
008 160615b xxu||||| |||| 00| 0 eng d
020 _a978-1-59184-240-8
041 _aeng
082 _b7789
100 _aCovert, Jack, and Sattersten, Todd
_92002
245 _aThe 100 Best Books of all time
300 _a328
650 _aManagement
942 _cBK
999 _c2798
_d2797